Diálogos universitarios

Saved in:
Bibliografiske detaljer
Main Authors: Atria Benaprés, Raúl (Author), Bernasconi Ramírez, Andrés (Author), Brunner, José Joaquín (Author), Donoso, Sebastián (Author), Hawes Barrios, Gustavo (Author), Krauskopf, Manuel (Author), Lavados Montes, Iván (Author), Lavados Montes, Jaime (Author), Tomassini Olivares, Luciano (Author)
Format: Bog
Sprog:spansk
Udgivet: Santiago CPU 1995
Fag:
Tags: Tilføj Tag
Ingen Tags, Vær først til at tagge denne postø!

MARC

LEADER 00000cam a2200000 a 4500
001 UCU4372
003 CL-VaPUC
008 960517e19950000CL |||||||||||||||||spa|d
082 0 4 |a 378  |b ATR  |2 21 
100 0 |a Atria Benaprés, Raúl  |e author  |9 361921 
700 0 |a Bernasconi Ramírez, Andrés  |e author  |9 361922 
700 0 |a Brunner, José Joaquín  |e author  |9 361923 
700 0 |a Donoso, Sebastián  |e author  |9 361924 
700 |a Hawes Barrios, Gustavo  |e author  |9 818980 
700 |a Krauskopf, Manuel  |e author  |9 361926 
700 |a Lavados Montes, Iván  |e author  |9 761237 
700 |a Lavados Montes, Jaime  |e author  |9 617246 
700 0 |a Tomassini Olivares, Luciano  |e author  |9 361929 
245 1 0 |a Diálogos universitarios 
300 |a 201 p 
942 |c BK 
945 |d 19960517 00:00:00  |a rleighto 
260 |a Santiago  |b CPU  |c 1995 
650 0 |a Educación superior   |9 223851 
650 0 |a Globalización  |9 361930 
650 0 |a Universidades  |9 256317 
650 7 |a PRIVATIZACION DE LA EDUCACION  |2 CL-VaPUC  |9 361931 
650 0 |a Desarrollo científico  |9 259799 
650 7 |a DESARROLLO TECNOLOGICO  |2 CL-VaPUC  |9 259800 
651 0 |a América Latina   |9 255027 
583 |a last modification  |c 20170829 01:26:31  |k Rodrigo Vera 
999 |c 248107  |d 248105 
952 |0 0  |1 0  |4 0  |6 378_000000000000000_ATR_1995  |7 0  |8 P  |9 264522  |a BIBEDU  |b BIBEDU  |c BIBEDU_PB  |d 2019-11-19  |i 3200744  |o 378 ATR 1995  |p 3200744  |r 2024-01-25  |w 2019-11-19  |y BK  |k EDU 
952 |0 0  |1 0  |4 0  |6 378_000000000000000_ATR_1995  |7 0  |8 ED_SUP  |9 264523  |a BIBGIM  |b BIBGIM  |c S_PSTGRDO  |d 2019-11-19  |i 4836049  |o 378 ATR 1995  |p 4836049  |r 2025-01-15  |w 2019-11-19  |y BK_X  |k ESU 
952 |0 0  |1 0  |4 0  |6 378_000000000000000_ATR_1995  |7 0  |8 ED_SUP  |9 264524  |a BIBGIM  |b BIBGIM  |c S_PSTGRDO  |d 2019-11-19  |i 4836030  |o 378 ATR 1995  |p 4836030  |r 2025-01-15  |w 2019-11-19  |y BK_X  |k ESU